000 00682nam a2200277Ia 4500
005 20260324134129.0
008 008 260324s9999 xx 000 0 eng d
020 _a9781315012766
037 _aEBOOK
040 _aCRL
040 _beng
040 _cCRL
041 _2eng
041 _aeng
084 _qCRL
100 _aAnthony P R Howatt; Anthony P R Howatt; Richard C Smith; Richard C Smith
_91195686
245 0 _aEarly Years of Reform
260 _bTaylor and Francis
260 _c2002
365 _a
365 _b660
856 _uhttp://www.taylorfrancis.com/books/9781315012766
942 _cEBOOK
999 _c1795428
_d1795428